| 000 | 01135pam a2200313 a 4500 | ||
|---|---|---|---|
| 999 |
_c20310 _d20310 |
||
| 001 | 3887889 | ||
| 003 | ARRUPE | ||
| 005 | 20170803091330.0 | ||
| 008 | 901004s1991 maua b 001 0 eng | ||
| 010 | _a 90020350 | ||
| 020 | _a0262023156 | ||
| 020 | _a0262521563 (pbk.) | ||
| 040 |
_aDLC _cDLC _dDLC |
||
| 050 | 0 | 0 |
_aQ175.3 _b.P47 1991 |
| 082 | 0 | 0 |
_a121 _220 |
| 245 | 0 | 4 |
_aThe philosophy of science / _cedited by Richard Boyd, Philip Gasper, and J.D. Trout. |
| 260 |
_aCambridge, Mass. : _bMIT Press, _cc1991. |
||
| 300 |
_axvi, 800 p. : _bill. ; _c27 cm. |
||
| 500 | _a"A Bradford book." | ||
| 504 | _aIncludes bibliographical references (p. [783]-787) and indexes. | ||
| 650 | 0 |
_aScience _xPhilosophy. _934525 |
|
| 650 | 0 |
_aSocial sciences _xPhilosophy. _934526 |
|
| 700 | 1 |
_aBoyd, Richard. _934527 |
|
| 700 | 1 |
_aGasper, Philip. _934528 |
|
| 700 | 1 |
_aTrout, J. D. _934529 |
|
| 906 |
_a7 _bcbc _corignew _d1 _eocip _f19 _gy-gencatlg |
||
| 942 |
_2lcc _cMONOGRAPH |
||